| 000 | 00431nam a22001817a 4500 | ||
|---|---|---|---|
| 003 | OSt | ||
| 005 | 20250403091855.0 | ||
| 008 | 250203s2014 ag ||||| |||| 00| 0 spa d | ||
| 020 | _a9789871912377 | ||
| 040 | _cbesoc | ||
| 245 | 0 | 0 |
_aDestellos 4 / _cNahuel Arriola ... [et al.] |
| 250 | _a1a ed. | ||
| 260 |
_aRosario : _bemr, _c2014 |
||
| 300 | _a200 p. | ||
| 650 | 4 | _aFotografĂa | |
| 700 | 1 | _aArriola, Nahuel | |
| 942 |
_2udc _cOG _n0 |
||
| 999 |
_c413 _d413 |
||